Géographie par lettre - P - Statistiques

Statistiques générales
  • Ce quiz a été pris 174 fois
  • Le résultat moyen est 16 sur 20
Statistiques - réponses
Questions Réponses % Correct
Quelle ville était appelée Lutèce dans l'Antiquité ? Paris
97%
Dans quel pays se situe le Machu Picchu ? Pérou
97%
Dans quelle ville italienne se situe une célèbre tour inclinée ? Pise
93%
Dans quel Etat du Proche-Orient se situe la ville de Gaza ? Palestine
90%
Dans quel pays européen coule la Vistule ? Pologne
89%
Quel pays européen est le plus occidental de la masse continentale ? Portugal
89%
Quel pays a pour capitale Asuncion ? Paraguay
88%
Quel pays est "séparé" en deux par un canal, en service depuis 1914 ? Panama
87%
Quel pays d'Asie de l'Est est un ensemble de plus de 7 000 îles ? Philippines
85%
Quelle est la deuxième plus grande ville de ce pays ? Porto
85%
Dans quelle ville se situe la Cité Interdite ? Pékin
81%
Quelle île d'Océanie possède un drapeau bleu avec un cercle jaune ? Palaos
76%
Quel est la capitale de l'Afrique du Sud ? Pretoria
76%
Quelle est la préfecture des Pyrénées-Orientales ? Perpignan
69%
Quel pays européen a inventé le système de poldérisation ? Pays-Bas
68%
Quelle est la capitale du Cambodge ? Phnom Penh
66%
Quel pays a déclaré son indépendance en 1947 ? Pakistan
63%
Dans quelle ville a été proclamée la Déclaration d'Indépendance américaine ? Philadelphie
57%
Quelle ville des Etats-Unis est la plus peuplée de l'Arizona ? Phoenix
51%
Quelle est la capitale du Suriname ? Paramaribo
45%
Aucun quiz correspondant
Distribution des résultats
% des personnes avec chaque résultat
Percentile par nombre de réponses
Votre historique - résultats
Vous n’avez pas pris ce quiz